Estatísticas para Todos os jogadores do AC Milan

Clique aqui para jogar o quiz

Estatísticas Gerais

  • Esse quiz foi jogado 23 vezes
  • A pontuação média é 8 de 29

Estatísticas das Respostas

NumeroJogador% Correto
10Rafael Leão
100%
9Olivier Giroud
83%
19Theo Hernandez
83%
16Mike Maignan
61%
2Davide Calabria
56%
11Christian Pulisic
50%
23Fikayo Tomori
50%
20Pierre Kalulu
33%
24Simon Kjaer
33%
8Ruben Loftus-Cheek
28%
TreinadorStefano Pioli
28%
7Yacine Adli
22%
80Yunus Musah
22%
42Alessandro Florenzi
17%
83Antonio Mirante
17%
15Luka Jovic
17%
28Malick Thiaw
17%
70Chaka Traore
11%
4Ismael Bennacer
11%
69Lapo Francisco Maria Nava
11%
18Luka Romero
11%
30Mattia Caldara
11%
17Noah Okafor
11%
21Samuel Chukwueze
11%
14Tijjani Reijnders
11%
32Tommaso Pobega
11%
31Marco Pellegrino
6%
57Marco Sportiello
6%
33Rade Krunic
6%

Distribuição das Pontuações

Percentil de Números Respondidos

Porcentagem de Pessoas com Cada Pontuação

Sua Pontuação Histórica

Você não jogou esse quiz